James Bond - Decoder - Statistics

General Stats
  • This quiz has been taken 404 times
    403 since last reset
  • The average score is 20 of 29
Answer Stats
Groupes Indices Réponses % Correct
Indices K Bond has a "license" to do this Kill
98%
Indices I James Bond creator's first name {Ian} Fleming
95%
Indices M Foreign intelligence service of the United Kingdom MI6
94%
Indices A English singer who sang Skyfall's song Adele
93%
Indices A Iconic Bond's car brand Aston Martin
93%
Indices O Complete this title: For Your Eyes {Only}
93%
Indices D First James Bond movie Dr. No
91%
Indices S Criminal organisation lead by Blofeld SPECTRE
90%
Indices N Last James Bond movie No Time to Die
86%
Indices A Norwegian band who sang The Living Daylights song a-ha
82%
Indices S Nation of Bond's family origin Scotland
82%
Indices O Jewel smuggler and wealthy businesswoman portrayed by Maud Adams, giving her name to a film Octopussy
80%
Indices I Country Bond flied to in Octopussy on the trail of Kamal Khan India
79%
Indices D Actor who portrayed Bond in two movies Timothy Dalton
78%
Indices T Elliot Carver's newspaper, which "never dies" Tomorrow
76%
Indices V Lynd’s first name (Casino Royale Jame Bond Girl) {Vesper} Lynd
75%
Indices N Video game company with the most James Bond games on its consoles Nintendo
67%
Indices I Country where ends Casino Royale Italy
66%
Indices H North American country visited in Quantum of Solace Haiti
64%
Indices T American singer who sang GoldenEye's song Tina Turner
63%
Indices R Main antagonist in The World is Not Enough, fox in French Renard
55%
Indices T Film where Bond is looking for stolen nuclear bombs Thunderball
54%
Quote Quote Vodka Martini, shaken, not stirred.
45%
Indices R Caribbean shell-diver, James Bond Girl Honeychile Rider
44%
Indices E Emblematic film production company of the saga EON Productions
42%
Indices N Bond's watch strap and international organization opposed to USSR NATO
42%
Indices E First name of M's secretary {Eve} Moneypenny
41%
Indices K Sophie Marceau’s James Bond Girl Elektra King
38%
Indices R Developper of the popular video game GoldenEye 007 Rareware
18%
No matching quizzes found
Score Distribution
Percent of People with Each Score
Percentile by Number Answered
Your Score History
You have not taken this quiz since the last reset